| 000 | 007590000a22002170004500 | ||
|---|---|---|---|
| 003 | dpl | ||
| 005 | 20081029153838.0 | ||
| 008 | 081029t xxu||||| |||| 00| 0 eng d | ||
| 010 | _aENG-84623 | ||
| 020 |
_a8176298182 _c600.00 (hb) |
||
| 035 | _aEN-68156 | ||
| 040 | _cdpl | ||
| 082 | _a303.484 | ||
| 100 | _aThakur, Bharti | ||
| 245 |
_aWomen in Gandhi's mass movements / _cby Bharti Thakur |
||
| 260 |
_aNew Delhi _bDeep and Deep Publications _c2006 |
||
| 300 |
_axxii,278p _c23cm |
||
| 500 | _aIncludes bibliographical references and index | ||
| 942 |
_2ddc _cEN _h303.484 _mTHA |
||
| 999 |
_c17927 _d17927 |
||